|
|
|
|
| LEADER |
01505nam a2200289 a 4500 |
| 001 |
19247 |
| 003 |
BD-DhAAL |
| 005 |
20241230125752.0 |
| 008 |
090908r2008 enka 000 0 eng d |
| 020 |
|
|
|a 8175963727
|
| 040 |
|
|
|a LPU
|c LPU
|d OJ
|d BD-DhAAL
|
| 082 |
0 |
4 |
|a 428.2407
|2 22
|
| 100 |
1 |
|
|a Richards, Jack C.
|9 1099
|
| 245 |
1 |
0 |
|a New interchange :
|b English for international communication.
|n Student's book 1 /
|c Jack C. Richards, with Jonathan Hull and Susan Proctor.
|
| 260 |
|
|
|a Cambridge ;
|b Cambridge University Press,
|a New Delhi :
|b Cambridge University Press India Pvt. Ltd.,
|c 2008 [reprinted].
|
| 300 |
|
|
|a (various pagings) :
|b color illustrations forms ;
|c 21 cm.
|
| 526 |
|
|
|x Ahmed Salehin Kaddri
Department of CFL(Present BIL).
Course name and no.N/A
|
| 541 |
1 |
|
|a D.S. Books International
|e 00019247
|
| 650 |
|
0 |
|a English language
|x Study and teaching
|x Foreign speakers.
|9 1522
|
| 650 |
|
0 |
|a English language
|x Textbooks for foreign speakers.
|9 1523
|
| 650 |
|
0 |
|a English language
|x Spoken English.
|9 1524
|
| 700 |
1 |
|
|a Hull, Jonathan,
|d 1949-
|9 1525
|
| 700 |
1 |
|
|a Proctor, Susan,
|d 1945-
|9 1526
|
| 852 |
4 |
|
|a Ayesha Abed Library
|j General Stacks
|
| 942 |
|
|
|2 ddc
|c BK
|
| 999 |
|
|
|c 3879
|d 3879
|
| 952 |
|
|
|0 0
|1 0
|2 ddc
|4 0
|6 428_240700000000000_RIC_2008
|7 0
|9 3529
|a BRACUL
|b BRACUL
|c GEN
|d 2009-09-13
|e D.S. Books International
|g 3335.00
|l 4
|m 31
|o 428.2407 RIC
|p 3010019247
|r 2018-04-17
|s 2018-02-07
|t 1
|v 2032.00
|w 2009-09-13
|y BK
|x Requisitioned by Ahmed Salehin Kaddri Department of CFL(Present BIL).Course name and no.N/A
|